Central Library OPAC University of Rajshahi

A philosophy for NEFA / (Record no. 23148)

MARC details
000 -LEADER
fixed length control field 00844cam a22002771 4500
001 - CONTROL NUMBER
control field 23148
003 - CONTROL NUMBER IDENTIFIER
rucl marc code BD-RjUL
005 - DATE AND TIME OF LATEST TRANSACTION
control field 20211209000909.0
008 - FIXED-LENGTH DATA ELEMENTS--GENERAL INFORMATION
fixed length control field 140310s1959 ii a 001 0 eng d
035 ## - SYSTEM CONTROL NUMBER
System control number (BD-RjUL)23213
System control number (OCoLC)12159280
040 ## - CATALOGING SOURCE
Original cataloging agency DLC
Transcribing agency CSjU
Modifying agency DLC
-- BD-RjUL
Language of cataloging eng
041 ## - LANGUAGE CODE
Language code of text/sound track or separate title eng
082 00 - DEWEY DECIMAL CLASSIFICATION NUMBER
Classification number 954.16
Author mark and year ELP 1959
100 1# - MAIN ENTRY--PERSONAL NAME
Personal name Elwin, Verrier,
Dates associated with a name 1902-1964.
9 (RLIN) 16666
245 12 - TITLE STATEMENT
Title A philosophy for NEFA /
Statement of responsibility, etc. With a foreword by the Prime Minister of India.
250 ## - EDITION STATEMENT
Edition statement 2d rev. ed.
260 ## - PUBLICATION, DISTRIBUTION, ETC. (IMPRINT)
Place of publication, distribution, etc. Shillong :
Name of publisher, distributor, etc. S. Roy on behalf of the North-East Frontier Agency,
Date of publication, distribution, etc. 1959.
300 ## - PHYSICAL DESCRIPTION
Pagination 296 p. :
Illustrations illus. ;
Size 23 cm.
504 ## - BIBLIOGRAPHY, ETC. NOTE
Bibliography, etc Includes Index
651 #0 - SUBJECT ADDED ENTRY--GEOGRAPHIC NAME
Geographic name Arunāchal Pradesh (India)
9 (RLIN) 71362
Geographic name India
General subdivision Native races.
9 (RLIN) 71363
942 ## - ADDED ENTRY ELEMENTS (KOHA)
Source of classification or shelving scheme Dewey Decimal Classification
Koha item type Books
Holdings
Lost status Source of classification or shelving scheme Damaged status Not for loan Collection code Permanent Location Current Location Shelving location Date acquired Source of acquisition Total Checkouts Full call number Date last seen Copy number Koha item type
  Dewey Decimal Classification   Added to bundle Non-fiction Central Library, University of Rajshahi Central Library, University of Rajshahi Reading Room 16/09/1967 The Press Attache Dhaka Gift   954.16 ELP 1959 10/03/2014 C-1 Books